000 00706nam a2200253Ia 4500
003 OSt
005 20220924114400.0
006 a|||||r|||| 00| 0
007 ta
008 220923b |||||||| |||| 00| 0 ara d
024 _a285699
037 _cTextual
040 _aARTS
_cARTS
_bara
041 _2ara
_aara
082 _aO28,3M83:g, P6
100 _aJibran Jibran Khaleel Au.
_9173263
245 0 _aAssabiq
260 _aBairut
_bDarul Jail
_c2006
300 _a112p.
_ccm.
650 _aARABIC FICTION
_964594
700 _a Jabar Jameel Ed.
_9173264
942 _hO28,3M83:g, P6
_cTEXL
_2CC
999 _c393283
_d393283